00479nam a2200193 a 4500001001300000003000900013005001700022008004100039020000800080082001600088100002600104245002000130260003700150300000900187500003500196505000800231650002000239700002600259nice12345678IN_TiNIC20260116011810.0050524s0000 biha grp 000 0 urd  ac500a297.82bNAQ aNaqvi, Mohammad Baqir aShiah Imamiyya. aBiharbMatbua Matba Khujwac0000 a216p aincludes index and biblioraphy2 aIll aShiah-Doctrines1 aNaqvi, Mohammad Baqir